Assessing nitrogen management option for rice production in the rainfed lowland cambodia ការវាយតំលៃលើជំរើសនៃការគ្រប់គ្រងជីអាសូតសំរាប់ផលិតកម្មដំណាំស្រូវក្នុងតំបន់ទំនាបអាស្រ័យទឹកភ្លៀងនៃប្រទេសកម្ពុជា (Record no. 858)
[ view plain ]
| 000 -LEADER | |
|---|---|
| fixed length control field | 00772nam a22001577a 4500 |
| 003 - CONTROL NUMBER IDENTIFIER | |
| control field | OSt |
| 005 - DATE AND TIME OF LATEST TRANSACTION | |
| control field | 20150919163216.0 |
| 008 - FIXED-LENGTH DATA ELEMENTS--GENERAL INFORMATION | |
| fixed length control field | 150919b xxu||||| |||| 00| 0 eng d |
| 040 ## - CATALOGING SOURCE | |
| Transcribing agency | RUA |
| 082 ## - DEWEY DECIMAL CLASSIFICATION NUMBER | |
| Classification number | AGR KON 2008 B036 Or.1 |
| 100 ## - MAIN ENTRY--PERSONAL NAME | |
| 9 (RLIN) | 890 |
| Personal name | KONG, NARIN. |
| 245 ## - TITLE STATEMENT | |
| Title | Assessing nitrogen management option for rice production in the rainfed lowland cambodia ការវាយតំលៃលើជំរើសនៃការគ្រប់គ្រងជីអាសូតសំរាប់ផលិតកម្មដំណាំស្រូវក្នុងតំបន់ទំនាបអាស្រ័យទឹកភ្លៀងនៃប្រទេសកម្ពុជា |
| 260 ## - PUBLICATION, DISTRIBUTION, ETC. (IMPRINT) | |
| Place of publication, distribution, etc. | Phnom Penh |
| Name of publisher, distributor, etc. | RUA |
| Date of publication, distribution, etc. | 2008 |
| 300 ## - PHYSICAL DESCRIPTION | |
| Extent | xiii; 53p. |
| Other physical details | ill. |
| Dimensions | 29cm. |
| 942 ## - ADDED ENTRY ELEMENTS (KOHA) | |
| Source of classification or shelving scheme | |
| Koha item type | AGR |
| Price effective from | Date last seen | Permanent Location | Not for loan | Date acquired | Source of classification or shelving scheme | Koha item type | Lost status | Withdrawn status | Date last checked out | Total Checkouts | Shelving location | Damaged status | Barcode | Current Location | Full call number |
|---|---|---|---|---|---|---|---|---|---|---|---|---|---|---|---|
| 2015-09-19 | 2018-07-24 | Library Block B | 2015-09-19 | AGR | 2018-07-16 | 1 | B036 | RUA002511 | Library Block B | AGR KON 2008 B036 Or.1 | |||||
| 2015-09-19 | 2016-03-22 | Library Block B | 2015-09-19 | AGR | 2016-03-18 | 1 | B036 | RUA002916 | Library Block B | AGR KON 2008 B036 Or.2 | |||||
| 2015-09-19 | 2025-12-17 | Library Block B | 2015-09-19 | AGR | 2025-08-14 | 4 | B036 | RUA002200 | Library Block B | AGR KON 2008 B036 Or.3 | |||||
| 2015-09-19 | 2015-09-19 | Library Block B | 2015-09-19 | AGR | B036 | RUA002502 | Library Block B | AGR KON 2008 B036 Or.4 | |||||||
| 2015-09-19 | 2015-09-19 | Library Block B | 2015-09-19 | AGR | B036 | RUA002587 | Library Block B | AGR KON 2008 B036 Or.5 | |||||||
| 2015-09-19 | 2015-09-19 | Library Block B | 2015-09-19 | AGR | B036 | RUA002267 | Library Block B | AGR KON 2008 B036 Or.6 | |||||||
| 2015-09-19 | 2015-09-19 | Library Block B | 2015-09-19 | AGR | B036 | RUA002124 | Library Block B | AGR KON 2008 B036 Or.7 | |||||||
| 2015-09-19 | 2015-09-19 | Library Block B | 2015-09-19 | AGR | B036 | RUA002418 | Library Block B | AGR KON 2008 B036 Or.8 | |||||||
| 2015-10-31 | 2017-11-01 | Library Block B | 2015-10-31 | AGR | 2017-10-16 | 1 | B038 | RUA030561 | Library Block B | AGR KON 2008 B036 Or.9 |